00523nam a22001577a 4500020001800000040000900018082001700027100002800044110002500072245003900097260004500136650004700181942001200228999001900240952010600259 a9788120336070 cNust a621.385bPAL aT.G. Palanivelu9124491 aR. Nakkeeran9124492 aWireless and Mobile Communications aNew Delhi:bPHI Learning Pvt Ltd,c2009. aWireless and Mobile Communications9124493 2ddccBK c610337d610337 00102ddc4070aCEMEbCEMEcGENd2024-07-12l0o621.385 PALpCEME- 46866r2024-07-12w2024-07-12yBK